01215nam a2200277 i 4500003000900000005001700009008004100026040004300067041000800110082002100118100003600139245030400175250002700479264009400506300002300600336002400623337002800647338004300675546002400718650002500742651001000767700003800777700003400815700003100849856005700880EG-GICUC20260418092118.0260418s1896 fr fr|||| 00| 0 fre d aEG-GiCUCbfrecEG-GiCUCdEG-GiCUCeRda afre04221a343bBO . L 1 a Boitard, Joseph-ErnesteAuteur10aLeçons De Droit Criminel :bContenant L'explication Complète Des Codes Pénal Et D'instruction Criminelle /cPar Boitard ; Recueillies Par Gustave De Linage ; Treizième Édition Revue Et Mise AU Courant De La Législation Par Edmond Villey ; Augmentée D'un Supplément... Par E. Mesnard. aTreizième édition. 1aParis : bmprimerie et Librairie Générale de Jurisprudence Marchal et Billard,c1896. a893page ;c 24 cm. 2rda contenua texte 2rda mediasaOrdinateur 2 transporteur rdaa Ressource en ligne aTexte en français1 aDroit pénal2qrmak1 2qrmak1 a Linage, Gustave de. |eCo-Auteur1 aVilley, Edmond, ePréfacier1 aMesnard, E. eIllustrateur40uhttps://fll.law.cu.edu.eg/fulltext/bks/B10-00412.pdf